<The> world of learning 1977-78

Enregistré dans:
Détails bibliographiques
Format: Livre
Langue:anglais
Publié: London Europa Pub. 1977
Édition:28th ed.
Tags: Ajouter un tag
Pas de tags, Soyez le premier à ajouter un tag!

MARC

LEADER 00000nam a2200000 4500
001 0230334
005 20240822101706.3
041 0 |a eng 
044 |a GB 
245 1 0 |a <The> world of learning 1977-78 
250 |a 28th ed. 
264 1 |a London  |b Europa Pub.  |c 1977 
300 |a 1043-2035 s.